000
00241 a2200097 4500
001
45365
100
_a
Hazrat Shahab-ud-Din Sahrvardi
245
_a
Gawaraf Magroof
260
_a
Karachi
_b
Madeena Publishing company
_c
090
_c
28527
_d
28527
942
_a
NUST-CAE
_c
M
_c
20588
999
_c
280438
_d
280438